Score 0/22 Timer 05:00
0 Plays Today
Songs Musical % Correct
'Summer Nights' / 'We Go Together' / 'You're The One That I Want' / 'Rock 'N Roll Party Queen' / 'Born To Hand Jive'Grease
97.3%
'My Favourite Things' / 'Edelweiss' / 'No Way To Stop It' / 'Do-Re-Mi' / 'Maria'The Sound Of Music
96.1%
'Hakuna Matata' / 'Can You Feel The Love Tonight?' / 'I Just Can't Wait To Be King' / 'Be Prepared' / 'He Lives In You'The Lion King
95.5%
'Dear Old Shiz' / 'Defying Gravity' / 'Dancing Through Life' / 'The Wicked Witch Of The East' / 'No Good Deed'Wicked
93.7%
'You're Never Fully Dressed Without A Smile' / 'Tomorrow' / 'I Don't Need Anything But You' / 'Hard Knock Life' / 'Little Girls'Annie
90.9%
'Let's Go Fly A Kite' / 'Feed The Birds' / 'Chim Chim Cher-ee' / 'A Spoonful Of Sugar' / 'Anything Can Happen'Mary Poppins
89.9%
'A Change In Me' / 'If I Can't Love Her' / 'Be Our Guest' / 'No Matter What' / 'Human Again'Beauty And The Beast
84%
'Bring Him Home' / 'On My Own' / 'Look Down' / 'Every Day' / 'I Dreamed A Dream'Les Misérables
83%
'Oh What A Circus' / 'Another Suitcase In Another Hall' / 'Don't Cry For Me Argentina' / 'You Must Love Me' / 'On This Night Of A Thousand Stars'Evita
81.3%
'Mr. Cellophane' / 'Me And My Baby' / 'Razzle Dazzle' / 'All That Jazz' / 'My Own Best Friend'Chicago
79.6%
'Miracle Of Miracles' / 'If I Were A Rich Man' / 'The Leave Taking' / 'Do You Love Me?' / 'To Life'Fiddler On The Roof
78.5%
Songs Musical % Correct
'Music Of The Night' / 'Twisted Every Way' / 'Angel Of Music' / 'Seal My Fate' / 'All I Ask Of You'The Phantom Of The Opera
78.4%
'Old Deuteronomy' / 'Mr Mistoffelees' / 'Macavity Fight' / 'Memory' / 'The Jellicle Ball'Cats
74.1%
'The Madison' / 'Without You' / 'Welcome To The 60's' / 'You Can't Stop The Beat' / 'It Takes Two'Hairspray
70.7%
'With A Little Bit Of Luck' / 'On The Street Where You Live' / 'Get Me To Church On Time' / 'Wouldn't It Be Lovely' / 'The Rain In Spain'My Fair Lady
69%
'Seasons Of Love' / 'Light My Candle' / 'Out Tonight' / 'Another Day' / 'Take Me Or Leave Me'Rent
68.8%
'Oh What A Beautiful Morning' / 'I Cain't Say No' / 'The Farmer And The Cowman' / 'People Will Say We're In Love' / 'All Er Nuthin''Oklahoma!
68.8%
'Thank You For The Music' / 'S.O.S' / 'Knowing Me, Knowing You' / 'The Name Of The Game' / 'The Winner Takes It All'Mamma Mia!
68.3%
'Luck Be A Lady' / 'If I Were A Bell' / 'Sit Down, You're Rocking The Boat' / 'Runyonland' / 'Marry The Man Today'Guys And Dolls
61.6%
'Find Yourself A Man' / 'People' / 'Don't Rain On My Parade' / 'I Want To Be Seen With You Tonight' / 'Who Are You Now?'Funny Girl
51.9%
'I'm Looking For Something' / 'One Night Only' / 'I Am Changing' / 'And I Am Telling You I'm Not Going' / 'One More Picture Please'Dreamgirls
49.5%
'My Girlfriend, Who Lives In Canada' / 'Mix Tape' / 'The Money Song' / 'For Now' / 'Schadenfreude'Avenue Q
39.5%
Remove Ads.
Support Sporcle.
Get the best of Sporcle when you Go Orange. This ad-free experience offers more features, more stats, and more fun while also helping to support Sporcle. Thank you for becoming a member.

You're not logged in!

Compare scores with friends on all Sporcle quizzes.
OR
Log In

Sporcle TV

Today on Sporcle TV


Watch our educational content, quiz creation guides, and fun videos on Sporcle TV.

Show Comments

Extras

Top Quizzes Today


Score Distribution

Paid Content

Your Account Isn't Verified!

In order to create a playlist on Sporcle, you need to verify the email address you used during registration. Go to your Sporcle Settings to finish the process.

Report this User

Report this user for behavior that violates our Community Guidelines.

Details: